Selected poems of Marina Tsvetayeva /

Bibliographic Details
Main Author: T︠S︡vetaeva, Marina, 1892-1941
Other Authors: Feinstein, Elaine
Format: Book
Language:English
Russian
Published: New York : E.P. Dutton, 1987
Edition:1st American ed.

MARC

Tag First Indicator Second Indicator Subfields
LEADER 00000cam a2200000 a 4500
001 in00000020020
005 20151007053809.0
008 870409r1987 nyu 00010 eng
010 |a  87070979  
020 |a 0525482830 (pbk.) :  |c $12.95 
035 |a (OCoLC)16381970 
035 |9 AAB2851AM 
040 |a DLC  |c DLC  |d TXA  |d UtOrBLW 
041 1 |a eng  |a rus 
049 |a TXAM  |c [A12591585] 
050 0 0 |a PG3476.T75  |b A6 1987 
082 0 |a 891.71/42  |2 19 
100 1 |a T︠S︡vetaeva, Marina,  |d 1892-1941. 
240 1 0 |a Poems.  |k Selections.  |l English 
245 1 0 |a Selected poems of Marina Tsvetayeva /  |c translated by Elaine Feinstein ; with literal versions provided by Angela Livingstone [and others]. 
250 |a 1st American ed. 
264 1 |a New York :  |b E.P. Dutton,  |c 1987 
264 4 |c ©1986 
300 |a xviii, 108 pages ;  |c 21 cm. 
336 |a text  |b txt  |2 rdacontent 
337 |a unmediated  |b n  |2 rdamedia 
338 |a volume  |b nc  |2 rdacarrier 
700 1 |a Feinstein, Elaine. 
999 |a MARS 
999 f f |s ca131097-468b-3eba-84dd-89f874facc61  |i 60a3d780-6fde-3814-9655-cf97a12cf732  |t 0 
952 f f |p ric  |a Texas A&M University  |b Rellis Campus  |c Joint Library Facility  |s JLF  |d Remote Storage  |t 0  |e PG3476.T75 A6 1987  |h Library of Congress classification  |i unmediated -- volume  |m A14812591585 
998 f f |a PG3476.T75 A6 1987  |t 0  |l Remote Storage